000 00843nam a22002657a 4500
001 4144
003 FISKH
005 20240612140138.0
008 240612b cb ||||| |||| 00| 0 eng d
020 _a9780545603393
040 _aFISKH
_beng
_cFISKH
_dFISKH
050 _aPZ7.B26615
082 _a813.7
100 _aRex Adam
_d1973-
245 _aCold cereal /
_cAdam Rex
260 _aNew York :
_bScholastic,
_c2013
300 _a421 pages :
_c20 cm
505 _aM
520 _aA boy who may be part changeling, twins involved in a bizarre secret experiment, and a clurichaun in a red tracksuit try to save the world from an evil cereal company whose ultimate goal is world domination.
521 8 _a770
_bLexile
521 8 _aM
_bRaz-Plus
700 _aAdam Rex
942 _2ddc
_cBK
_n0
999 _c4144
_d4144